00742nam a2200205 a 450000100100000000500170001000800410002702000180006804000250008608200150011110000270012624500840015326000330023730000210027050000570029150400320034859000260038095201130040699900170051900004054520201002034214.0130830s2003 sp r 000 0 spa d a9788477381440 aDO-SdBNPbspacBNPHU axxxxbxxxx1 aMalamud, Carlos96686710aAmérica Latina, siglo XX :bla búsqueda de la democracia /cCarlos Malamud. aMadrid :bSíntesis,c2003. a170 p. ;c22 cm. aLa biblioteca posee la cuarta reimpresión del 2003 aBibliografía : p. 169-170 aInventariado, 2019/BT 001050718MOaGRbGRcHDd2013-08-30iLF1l0oxxxx xxxxp40545-10r2020-06-25w2020-06-25y1ZNo se presta c40035d40035